study on cattle growth by consuming concentrate supplementary on basic diets ( ការសិក្សាលើការលូតលាស់របស់គោដោយប្រើប្រាស់ចំណីផ្សំបន្ថែមលើចំណីគ្រឹះ) (Record no. 2285)
[ view plain ]
| 000 -LEADER | |
|---|---|
| fixed length control field | 00648nam a22001577a 4500 |
| 003 - CONTROL NUMBER IDENTIFIER | |
| control field | OSt |
| 005 - DATE AND TIME OF LATEST TRANSACTION | |
| control field | 20151009104219.0 |
| 008 - FIXED-LENGTH DATA ELEMENTS--GENERAL INFORMATION | |
| fixed length control field | 151009b xxu||||| |||| 00| 0 eng d |
| 040 ## - CATALOGING SOURCE | |
| Transcribing agency | RUA |
| 082 ## - DEWEY DECIMAL CLASSIFICATION NUMBER | |
| Classification number | AVM PHO 2009 B085 Or.1 |
| 100 ## - MAIN ENTRY--PERSONAL NAME | |
| 9 (RLIN) | 2429 |
| Personal name | PHOEURNG, CHAMNAN. |
| 245 ## - TITLE STATEMENT | |
| Title | study on cattle growth by consuming concentrate supplementary on basic diets ( ការសិក្សាលើការលូតលាស់របស់គោដោយប្រើប្រាស់ចំណីផ្សំបន្ថែមលើចំណីគ្រឹះ) |
| 260 ## - PUBLICATION, DISTRIBUTION, ETC. (IMPRINT) | |
| Place of publication, distribution, etc. | Phnom Penh |
| Name of publisher, distributor, etc. | RUA |
| Date of publication, distribution, etc. | 2009 |
| 300 ## - PHYSICAL DESCRIPTION | |
| Extent | vii, 43p. |
| Other physical details | ill. |
| Dimensions | 29cm. |
| 942 ## - ADDED ENTRY ELEMENTS (KOHA) | |
| Source of classification or shelving scheme | |
| Koha item type | AVM |
| Price effective from | Date last seen | Permanent Location | Not for loan | Date acquired | Source of classification or shelving scheme | Koha item type | Lost status | Withdrawn status | Date last checked out | Total Checkouts | Shelving location | Damaged status | Barcode | Current Location | Full call number |
|---|---|---|---|---|---|---|---|---|---|---|---|---|---|---|---|
| 2015-10-09 | 2016-06-16 | Library Block B | 2015-10-09 | AVM | 2016-06-15 | 1 | B085 | RUA009161 | Library Block B | AVM PHO 2009 B085 Or.1 | |||||
| 2015-10-09 | 2015-10-09 | Library Block B | 2015-10-09 | AVM | B085 | RUA009155 | Library Block B | AVM PHO 2009 B085 Or.2 | |||||||
| 2015-10-09 | 2015-10-09 | Library Block B | 2015-10-09 | AVM | B085 | RUA020047 | Library Block B | AVM PHO 2009 B085 Or.3 | |||||||
| 2015-10-09 | 2015-10-09 | Library Block B | 2015-10-09 | AVM | B085 | RUA015217 | Library Block B | AVM PHO 2009 B085 Or.4 | |||||||
| 2015-10-09 | 2015-10-09 | Library Block B | 2015-10-09 | AVM | B085 | RUA020055 | Library Block B | AVM PHO 2009 B085 Or.5 | |||||||
| 2015-10-09 | 2015-10-09 | Library Block B | 2015-10-09 | AVM | B085 | RUA015079 | Library Block B | AVM PHO 2009 B085 Or.6 | |||||||
| 2015-10-09 | 2015-10-09 | Library Block B | 2015-10-09 | AVM | B085 | RUA006489 | Library Block B | AVM PHO 2009 B085 Or.7 | |||||||
| 2015-10-09 | 2015-10-09 | Library Block B | 2015-10-09 | AVM | B085 | RUA006915 | Library Block B | AVM PHO 2009 B085 Or.8 | |||||||
| 2015-10-09 | 2015-10-09 | Library Block B | 2015-10-09 | AVM | B085 | RUA006913 | Library Block B | AVM PHO 2009 B085 Or.9 | |||||||
| 2015-10-09 | 2021-06-16 | Library Block B | 2015-10-09 | AVM | 2021-06-15 | 1 | B085 | RUA006965 | Library Block B | AVM PHO 2009 B085 Or.10 |